[Event "CP-2007-F-00001"]
[Site "LSS email"]
[Date "2011.10.01"]
[Round "?"]
[White "Cloodt, Henrik"]
[Black "Miettinen, Kristo S"]
[Result "1-0"]
[WhiteElo "2347"]
[BlackElo "2228"]
[PlyCount "39"]
[EventDate "2011.10.01"]
[EventType "tourn (corr)"]
[EventRounds "16"]
[EventCountry "GER"]
[SourceTitle "Telechess CBM 159"]
[Source "ChessBase"]
[SourceDate "2014.03.17"]
[SourceVersion "1"]
[SourceVersionDate "2014.03.17"]
[SourceQuality "1"]

1. e4 e5 2. Nf3 Nc6 3. Bb5 a6 4. Ba4 Nf6 5. 0-0 Be7 6. Re1 b5 7. Bb3 d6 8. c3 0-0 9. h3 Na5 10. Bc2 c5 11. d4 Qc7 12. Nbd2 cxd4 13. cxd4 Bb7 14. d5 Rac8 15. Bd3 Nd7 16. Nf1 f5 17. b3 Qc3 18. Rb1 Nc5 19. Bd2 Qxd3 20. Re3 1-0

[Event "CP-2007-F-00001"]
[Site "LSS email"]
[Date "2011.09.30"]
[Round "?"]
[White "Cloodt, Henrik"]
[Black "Dorer, Manfred"]
[Result "1-0"]
[WhiteElo "2347"]
[BlackElo "2260"]
[PlyCount "57"]
[EventDate "2011.10.01"]
[EventType "tourn (corr)"]
[EventRounds "16"]
[EventCountry "GER"]
[SourceTitle "Telechess CBM 159"]
[Source "ChessBase"]
[SourceDate "2014.03.17"]
[SourceVersion "1"]
[SourceVersionDate "2014.03.17"]
[SourceQuality "1"]

1. e4 c5 2. Nf3 d6 3. d4 cxd4 4. Nxd4 Nf6 5. Nc3 a6 6. Bg5 e6 7. f4 Qb6 8. Qd2 Qxb2 9. Rb1 Qa3 10. e5 dxe5 11. fxe5 Nfd7 12. Ne4 h6 13. Bh4 Qxa2 14. Rd1 Qd5 15. Qe3 Qxe5 16. Be2 Bc5 17. Bg3 Bxd4 18. Rxd4 Qa5+ 19. Rd2 0-0 20. Bd6 Rd8 21. Qg3 Nc6 22. Bc7 Qa1+ 23. Rd1 Qa4 24. Qh4 Qb4+ 25. c3 Qf8 26. 0-0 Re8 27. Bd6 Ne7 28. Bh5 g6 29. Rd3 1-0

[Event "CP-2007-F-00001"]
[Site "LSS email"]
[Date "2011.09.30"]
[Round "?"]
[White "Dutra Neto, Alfredo Carlos S"]
[Black "Cloodt, Henrik"]
[Result "0-1"]
[WhiteElo "2403"]
[BlackElo "2347"]
[PlyCount "122"]
[EventDate "2011.10.01"]
[EventType "tourn (corr)"]
[EventRounds "16"]
[EventCountry "GER"]
[SourceTitle "Telechess CBM 159"]
[Source "ChessBase"]
[SourceDate "2014.03.17"]
[SourceVersion "1"]
[SourceVersionDate "2014.03.17"]
[SourceQuality "1"]

1. d4 Nf6 2. Nf3 g6 3. c4 Bg7 4. g3 0-0 5. Bg2 c6 6. 0-0 d5 7. cxd5 cxd5 8. Nc3 Ne4 9. Ne5 Bf5 10. Bf4 Nc6 11. Nxc6 bxc6 12. Na4 h6 13. Be5 f6 14. Bf4 Rc8 15. Rc1 h5 16. Be3 Rf7 17. f3 Nd6 18. b3 e5 19. Qd2 e4 20. Nc5 Re7 21. Bf4 Re8 22. a3 Bf8 23. a4 Qe7 24. Qb4 Kh7 25. Bxd6 Qxd6 26. fxe4 dxe4 27. e3 Rc7 28. Qc3 Rce7 29. Rc2 Bg4 30. Na6 Bh6 31. Re1 Bc8 32. Nb4 Bb7 33. Qc4 Rb8 34. Kf2 Re6 35. Bf1 Qd7 36. Kg2 f5 37. Qc3 Bg5 38. Ba6 Rd6 39. Ree2 h4 40. Bxb7 Rxb7 41. Na6 Qg7 42. Kg1 Qh6 43. Re1 Kg8 44. gxh4 Bxh4 45. Rf1 Bg5 46. Re1 Rf7 47. Nc5 Qh3 48. Rb2 Bf6 49. Rd2 a5 50. Rc1 Re7 51. Qc4+ Kg7 52. Re1 f4 53. exf4 Qh4 54. Qe2 Bxd4+ 55. Rxd4 Rxd4 56. Qf2 Qg4+ 57. Qg3 Qxg3+ 58. hxg3 e3 59. Kg2 Rd2+ 60. Kh3 Kf6 61. g4 e2 0-1

[Event "CP-2007-F-00001"]
[Site "LSS email"]
[Date "2011.09.30"]
[Round "?"]
[White "Oltean, Dorel"]
[Black "Cloodt, Henrik"]
[Result "1/2-1/2"]
[WhiteElo "2302"]
[BlackElo "2347"]
[PlyCount "55"]
[EventDate "2011.10.01"]
[EventType "tourn (corr)"]
[EventRounds "16"]
[EventCountry "GER"]
[SourceTitle "Telechess CBM 159"]
[Source "ChessBase"]
[SourceDate "2014.03.17"]
[SourceVersion "1"]
[SourceVersionDate "2014.03.17"]
[SourceQuality "1"]

1. d4 Nf6 2. c4 g6 3. Nc3 Bg7 4. e4 d6 5. Nf3 0-0 6. Be2 e5 7. 0-0 Nc6 8. d5 Ne7 9. Ne1 Nd7 10. Nd3 f5 11. f3 f4 12. Bd2 g5 13. Rc1 Rf6 14. b4 a5 15. a3 c6 16. Qb3 Kh8 17. Be1 Rh6 18. c5 axb4 19. axb4 Qe8 20. h3 dxc5 21. bxc5 Nxc5 22. Nxc5 Bxh3 23. g4 fxg3 24. Bxg3 Bxf1 25. Bxf1 Qh5 26. Bg2 g4 27. Ne2 cxd5 28. fxg4 1/2-1/2

[Event "LSS WC-2012-T-00001"]
[Site "LSS email"]
[Date "2010.12.19"]
[Round "?"]
[White "Cloodt, Henrik"]
[Black "Broniek, Mariusz Maciej"]
[Result "1-0"]
[WhiteElo "2332"]
[BlackElo "1606"]
[PlyCount "63"]
[EventDate "2010.12.18"]
[EventType "tourn (corr)"]
[EventRounds "10"]
[EventCountry "GER"]
[SourceTitle "Telechess CBM 157"]
[Source "ChessBase"]
[SourceDate "2013.11.12"]
[SourceVersion "1"]
[SourceVersionDate "2013.11.12"]
[SourceQuality "1"]

1. e4 c5 2. Nf3 d6 3. d4 cxd4 4. Nxd4 Nf6 5. Nc3 a6 6. Bg5 e6 7. f4 Qb6 8. Qd2 Qxb2 9. Rb1 Qa3 10. e5 h6 11. Bh4 dxe5 12. fxe5 g5 13. exf6 gxh4 14. Be2 Qa5 15. 0-0 Nd7 16. Kh1 Qg5 17. Rf4 e5 18. Nd5 exd4 19. Qxd4 Bc5 20. Qe4+ Kd8 21. Rf5 Re8 22. Qxe8+ Kxe8 23. Rxg5 hxg5 24. Nc7+ Kd8 25. Nxa8 Nxf6 26. Bf3 b5 27. Rd1+ Ke7 28. h3 Bd7 29. Nc7 Bd6 30. Re1+ Kd8 31. Na8 b4 32. Nb6 1-0

[Event "LSS WC-2013-S-00004"]
[Site "LSS email"]
[Date "2010.07.20"]
[Round "?"]
[White "Skeels, Jim"]
[Black "Cloodt, Henrik"]
[Result "1/2-1/2"]
[WhiteElo "2187"]
[BlackElo "2289"]
[PlyCount "44"]
[EventDate "2010.07.25"]
[EventType "tourn (corr)"]
[EventRounds "10"]
[EventCountry "GER"]
[SourceTitle "Telechess CBM 143"]
[Source "ChessBase"]
[SourceDate "2011.07.15"]
[SourceVersion "1"]
[SourceVersionDate "2011.07.15"]
[SourceQuality "1"]

1. Nf3 Nf6 2. c4 g6 3. Nc3 Bg7 4. g3 0-0 5. Bg2 d6 6. d4 Nc6 7. 0-0 a6 8. Qd3 e5 9. dxe5 dxe5 10. Qxd8 Rxd8 11. Bg5 Re8 12. Nd5 Nxd5 13. cxd5 Nb4 14. e4 c6 15. a3 Nd3 16. dxc6 bxc6 17. Rab1 a5 18. Be3 Rb8 19. Rfd1 Rxb2 20. Bf1 Ba6 21. Bxd3 Rxb1 22. Bxb1 Be2 1/2-1/2

[Event "CP-2007-S-00005"]
[Site "LSS email"]
[Date "2010.04.06"]
[Round "?"]
[White "Cloodt, Henrik"]
[Black "Flatz, Helmut"]
[Result "1-0"]
[WhiteElo "2299"]
[BlackElo "2179"]
[PlyCount "99"]
[EventDate "2010.04.09"]
[EventType "tourn (corr)"]
[EventRounds "8"]
[EventCountry "GER"]
[SourceTitle "Telechess CBM 147"]
[Source "ChessBase"]
[SourceDate "2012.03.16"]
[SourceVersion "1"]
[SourceVersionDate "2012.03.16"]
[SourceQuality "1"]

1. e4 c5 2. Nf3 d6 3. d4 cxd4 4. Nxd4 Nf6 5. Nc3 g6 6. Be3 Bg7 7. f3 Nc6 8. Qd2 Bd7 9. 0-0-0 0-0 10. g4 Rc8 11. Kb1 a6 12. Nxc6 Bxc6 13. h4 h5 14. Nd5 Bxd5 15. exd5 hxg4 16. Bd4 gxf3 17. h5 e5 18. dxe6 Nxh5 19. exf7+ Kxf7 20. Be3 d5 21. Bd3 Rc6 22. Rdg1 d4 23. Bf2 Qd5 24. c4 Qc5 25. Be4 Rd6 26. Rh4 Kg8 27. Rxg6 Rxg6 28. Bxg6 Nf6 29. Qd3 Qg5 30. Rh3 Ng4 31. Bh7+ Kh8 32. Be4+ Nh6 33. Bxf3 Qf5 34. Qxf5 Rxf5 35. Be1 b6 36. Kc2 Kg8 37. Bd5+ Kf8 38. Ra3 a5 39. b4 Be5 40. bxa5 bxa5 41. Rxa5 Rh5 42. Ra7 Bd6 43. Rh7 Rh2+ 44. Kb3 Bc5 45. Bb4 Bxb4 46. Kxb4 d3 47. Kc3 d2 48. Kc2 Ng4 49. Rxh2 Nxh2 50. a4 1-0

[Event "CP-2007-S-00005"]
[Site "LSS email"]
[Date "2010.04.06"]
[Round "?"]
[White "Miettinen, Kristo"]
[Black "Cloodt, Henrik"]
[Result "1/2-1/2"]
[WhiteElo "2246"]
[BlackElo "2374"]
[PlyCount "29"]
[EventDate "2010.04.09"]
[EventType "tourn (corr)"]
[EventRounds "8"]
[EventCountry "GER"]
[SourceTitle "Corr 2022"]
[Source "ChessBase"]
[SourceDate "2021.10.24"]
[SourceVersion "1"]
[SourceVersionDate "2021.10.24"]
[SourceQuality "1"]

1. e4 e5 2. Nf3 Nc6 3. Bb5 a6 4. Bxc6 dxc6 5. 0-0 f6 6. d4 Bg4 7. c3 Bd6 8. Be3 Qe7 9. Nbd2 0-0-0 10. Qc2 exd4 11. cxd4 Re8 12. Rac1 Bxf3 13. gxf3 Qf7 14. Nc4 Bxh2+ 15. Kxh2 1/2-1/2